00309 a2200133 4500001000700000020000600007040001100013100001800024240004900042245004400091300000800135362000900143440002300152183265 a  cMagnum aBach, Richard10aA história de Fernão Capelo Gaivotalpor10aA história de Fernão Capelo Gaivota a1480 a1975 1aCírculo do Livro